| 000 | 00556nam a2200157 4500 | ||
|---|---|---|---|
| 999 |
_c6197 _d6197 |
||
| 008 | 170215b xxu||||| |||| 00| 0 eng d | ||
| 082 | _aDPer 910.5 T69 Jan-Aug 2015 v. 1-4 | ||
| 100 |
_918744 _aGegenfurtner, Michael |
||
| 245 |
_aTurkey in monochrome/ _cMichael Gegenfurtner and Joan Grace Wilson. |
||
| 260 |
_aPhilippines: _bOne Mega Group, _c©2015. |
||
| 300 |
_av1, pages 86-89: _biIllustrations; _c28 cm. |
||
| 500 | _aTravel Now. | ||
| 650 | 0 |
_918746 _aTourist trade _zTurkey |
|
| 700 |
_918745 _aWilson, Joan Grace _eAuthor |
||
| 942 |
_2ddc _cPER |
||